| 000 | 00431nam a2200181Ia 4500 | ||
|---|---|---|---|
| 008 | 170918s9999 xx 000 0 und d | ||
| 020 | _a439189322 | ||
| 050 | _bG799su 1973 | ||
| 100 | _aGreene, Bette | ||
| 245 | _aSummer of my German soldier / | ||
| 245 | _cby Bette Greene. | ||
| 260 | _aNew York : | ||
| 260 | _bScholastic, | ||
| 260 | _c1973 | ||
| 300 | _a230 pages : | ||
| 300 | _billustrations ; | ||
| 300 | _c17cm. | ||
| 999 |
_c343516 _d343516 |
||